000 00558nam a2200205 i 4500
001 C2-0219677
003 PPAK
005 20180728112041.0
008 990907s1988 my |||| ||||| | may d
040 _aPPAK
_beng
_cPPAK
_erda
082 0 4 _a630
_2 23
090 0 0 _a630
_bPER
_dKK
245 0 0 _aPertanian (Keratan Akhbar Koleksi Kedah)
264 1 _aAlor Setar, Kedah :
_bPerbadanan Perpustakaan Awam Kedah ,
_c1988
300 _c33 cm
336 _2rdacontent
_atext
337 _2rdamedia
_aunmediated
338 _2rdacarrier
_avolume
942 _ddc
_cB
999 _c162239
_d162239